[Event "CXV theme II email"]
[Site "Brazil CXV"]
[Date "2000.12.10"]
[Round "?"]
[White "Da Cruz, Eudo Avelino"]
[Black "Izaias Silva, Jose"]
[Result "1-0"]
[WhiteElo "1393"]
[BlackElo "1815"]
[PlyCount "69"]
[EventDate "2000.??.??"]
[EventType "tourn (corr)"]
[EventRounds "6"]
[EventCountry "BRA"]
[SourceTitle "Corr 2004"]
[Source "ChessBase"]
[SourceDate "2003.04.28"]
[SourceVersion "3"]
[SourceVersionDate "2003.04.28"]
[SourceQuality "1"]

1. e4 c6 2. d4 d5 3. Nd2 dxe4 4. Nxe4 Nf6 5. Nxf6+ gxf6 6. c3 Qc7 7. Qh5 h6 8. Bc4 e5 9. Be3 b5 10. Bb3 Rg8 11. Qf3 Nd7 12. Bc2 Bg7 13. Be4 Bb7 14. Qg3 Kf8 15. Qh3 Rh8 16. Ne2 c5 17. Bxb7 Qxb7 18. dxc5 Rc8 19. Rd1 Nxc5 20. Bxc5+ Rxc5 21. 0-0 Qc8 22. Rd7 Rc7 23. Rfd1 Ke8 24. Rxc7 Qxc7 25. Ng3 Rg8 26. Nf5 Bf8 27. Qd3 a6 28. Qd5 Qc8 29. Nd6+ Bxd6 30. Qxd6 Qa8 31. f3 Rg6 32. Rd5 h5 33. h4 b4 34. c4 Qc8 35. c5 1-0

[Event "CXV theme II email"]
[Site "Brazil CXV"]
[Date "2000.10.29"]
[Round "?"]
[White "Da Cruz, Eudo Avelino"]
[Black "Muehlenbruch Guimaraes, Herley"]
[Result "1-0"]
[WhiteElo "1365"]
[BlackElo "1676"]
[PlyCount "45"]
[EventDate "2000.??.??"]
[EventType "tourn (corr)"]
[EventRounds "6"]
[EventCountry "BRA"]
[SourceTitle "Corr 2004"]
[Source "ChessBase"]
[SourceDate "2003.04.28"]
[SourceVersion "3"]
[SourceVersionDate "2003.04.28"]
[SourceQuality "1"]

1. e4 c6 2. d4 d5 3. Nd2 dxe4 4. Nxe4 Nf6 5. Nxf6+ gxf6 6. c3 Qc7 7. Qh5 Be6 8. Bd3 Bd5 9. Nf3 Bxf3 10. Qxf3 Nd7 11. Bf4 e5 12. Bg3 h5 13. Bh4 Be7 14. Bf5 exd4 15. 0-0 0-0-0 16. cxd4 Qd6 17. Rfd1 Qd5 18. Be4 Qb5 19. d5 Ne5 20. Qf5+ Nd7 21. Rac1 Kb8 22. Qf4+ Ka8 23. dxc6 1-0

[Event "CXV theme II email"]
[Site "Brazil CXV"]
[Date "2000.10.06"]
[Round "?"]
[White "Da Cruz, Eudo Avelino"]
[Black "Marcotulli, Giancarlo"]
[Result "0-1"]
[WhiteElo "1362"]
[BlackElo "2143"]
[PlyCount "41"]
[EventDate "2000.??.??"]
[EventType "tourn (corr)"]
[EventRounds "6"]
[EventCountry "BRA"]
[SourceTitle "Corr 2004"]
[Source "ChessBase"]
[SourceDate "2003.04.28"]
[SourceVersion "3"]
[SourceVersionDate "2003.04.28"]
[SourceQuality "1"]

1. e4 c6 2. d4 d5 3. Nd2 dxe4 4. Nxe4 Nf6 5. Nxf6+ gxf6 6. c3 Qc7 7. Qh5 Be6 8. Bd3 Bd5 9. Nf3 Nd7 10. 0-0 0-0-0 11. Bd2 e6 12. c4 Bxf3 13. Qxf3 Rg8 14. Qh5 Nc5 15. dxc5 Rxd3 16. Qxh7 Rg6 17. Bf4 Qxf4 18. Qxf7 Qg4 19. g3 Bxc5 20. Rae1 Rxg3+ 21. Kh1 0-1

[Event "CXV theme I email"]
[Site "Brazil CXV"]
[Date "2000.09.29"]
[Round "?"]
[White "Da Cruz, Eudo Avelino"]
[Black "Vieira Deyvison, Fabio"]
[Result "1/2-1/2"]
[WhiteElo "1332"]
[BlackElo "1580"]
[PlyCount "90"]
[EventDate "2000.??.??"]
[EventType "tourn (corr)"]
[EventRounds "6"]
[EventCountry "BRA"]
[SourceTitle "Corr 2004"]
[Source "ChessBase"]
[SourceDate "2003.04.28"]
[SourceVersion "3"]
[SourceVersionDate "2003.04.28"]
[SourceQuality "1"]

1. e4 e6 2. d4 d5 3. Nc3 Bb4 4. e5 c5 5. a3 Bxc3+ 6. bxc3 Ne7 7. Qg4 0-0 8. Nf3 Nbc6 9. Bd3 f5 10. exf6 Rxf6 11. Bg5 e5 12. Qg3 Rf7 13. dxe5 Bf5 14. 0-0 Qa5 15. Bxe7 Bxd3 16. cxd3 Rxe7 17. Rac1 Qxa3 18. Qg5 Rf8 19. Qd2 Qa4 20. c4 Nxe5 21. Nxe5 Rxe5 22. d4 cxd4 23. Qxd4 Rff5 24. Ra1 Qxc4 25. Qxa7 Re7 26. Qb6 Rf8 27. Rac1 Qf4 28. Qc5 Qe4 29. Qc3 Qf5 30. Rcd1 Re2 31. Qg3 Kh8 32. Rd3 Qd7 33. Rd4 Qe6 34. Qd3 Re5 35. Qb1 b6 36. Rb4 Rb8 37. h3 Kg8 38. Rb5 Rg5 39. Qb3 Qe4 40. g3 Qd4 41. Kg2 Re5 42. Rd1 Qe4+ 43. Kg1 Rd8 44. Rxb6 Qf5 45. Rb8 Ree8 1/2-1/2

[Event "CXV theme I email"]
[Site "Brazil CXV"]
[Date "2000.07.01"]
[Round "?"]
[White "Prado, Mauricio"]
[Black "Da Cruz, Eudo Avelino"]
[Result "1-0"]
[WhiteElo "1886"]
[BlackElo "1413"]
[PlyCount "55"]
[EventDate "2000.??.??"]
[EventType "tourn (corr)"]
[EventRounds "6"]
[EventCountry "BRA"]
[SourceTitle "Corr 2004"]
[Source "ChessBase"]
[SourceDate "2003.04.28"]
[SourceVersion "3"]
[SourceVersionDate "2003.04.28"]
[SourceQuality "1"]

1. e4 e6 2. d4 d5 3. Nc3 Bb4 4. e5 c5 5. a3 Bxc3+ 6. bxc3 Ne7 7. Qg4 0-0 8. Nf3 Nbc6 9. Bd3 f5 10. exf6 Rxf6 11. Bg5 e5 12. Qg3 Re6 13. dxe5 Qa5 14. 0-0 Ng6 15. Bf6 gxf6 16. Bxg6 hxg6 17. Qxg6+ Kf8 18. exf6 Qc7 19. Ng5 Ne5 20. Nh7+ Qxh7 21. Qxh7 Rxf6 22. Qh8+ Kf7 23. Rae1 Nf3+ 24. gxf3 Rg6+ 25. Kh1 Bg4 26. Qh7+ Kf6 27. Qe7+ Kf5 28. Qe5# 1-0